000 00819nam a2200265 i 4500
001 C2-0314260
003 PPAK
005 20201019142657.0
008 111214t19931993my e 1 may d
020 _a9836211594
_qpaperback
040 _aPPAK
_beng
_cPPAK
_erda
082 0 4 _a899.233009
_223
090 0 0 _a899.233
_bNOV
_dKIH
090 2 0 _a899.233009
_bNOV
_dKZR
245 0 0 _aNOVEL-NOVEL MALAYSIA dalam kritikan /
_bDISELENGGARAKAN OLEH HAMZAH HAMDANI
264 1 _aKuala Lumpur :
_bDewan Bahasa dan Pustaka ,
_c1990
300 _axx, 373 pages ;
_c21 cm
336 _2rdacontent
_atext
337 _2rdamedia
_aunmediated
338 _2rdacarrier
_avolume
500 _aIncludes index
650 1 0 _aMalay fiction
_vHistory and description
700 0 _aHamzah Hamdani,
_d1953-
_ecompiler.
942 _cB
_2ddc
999 _c115715
_d115715